000
00297nam a2200121Ia 4500
008
190216s9999||||xx |||||||||||||| ||und||
100
_a
"Mathachan. M , Lazarus. Vt & Joseph. Ta"
245
0
_a
Physics
260
_b
Vidyarthimithram
_c
1989
300
_a
227p
650
_a
Physics
942
_c
BK
999
_c
33182
_d
33182